Statistics for Periodic Table Group Trivia

Click here to take the quiz!

General Stats

  • This quiz has been taken 5 times
  • The average score is 56 of 86

Answer Stats

HintAnswer% Correct
Ag
100%
Antimony
100%
Element used as a laxative in the Middle AgesAntimony
100%
Argon
100%
Argon
100%
Au
100%
Copper
100%
Cu
100%
Fe
100%
Gold
100%
Noble GasesHelium
100%
Hg
100%
Most common elements in EarthIron
100%
Iron
100%
Elements ferromagnetic at room temperatureIron
100%
K
100%
Krypton
100%
Mercury
100%
Liquid at room temperatureMercury
100%
Neon
100%
Most common elements in Earth atmosphereNitrogen
100%
Oganesson
100%
Oganesson
100%
Oxygen
100%
Oxygen
100%
Potassium
100%
Elements discovered by Marie CurieRadium
100%
Radium
100%
Radon
100%
Radon
100%
Sb
100%
Silver
100%
Sn
100%
Tin
100%
Tungsten
100%
W
100%
Xenon
100%
Ytterbium
100%
Elements discovered in Yttery, SwedenYttrium
100%
Astatine
75%
Curium
75%
Erbium
75%
Elements whose Symbols do not correspond to their (English) names symbolsNa
75%
Polonium
75%
Polonium
75%
Elements whose Symbols do not correspond to their (English) namesSodium
75%
Terbium
75%
Actinium
50%
Bromine
50%
Francium
50%
Lead
50%
Neptunium
50%
Pb
50%
Plutonium
50%
Silicon
50%
Tennessine
50%
Americium
25%
Berkelium
25%
Naturally unstable (Atomic Mass in () )Bohrium
25%
Californium
25%
Cobalt
25%
Copernicium
25%
Dubnium
25%
Einsteinium
25%
Fermium
25%
Flerovium
25%
Gadolinium
25%
Hassium
25%
Lawrencium
25%
Livermorium
25%
Meitnerium
25%
Mendeleevium
25%
Nickel
25%
Nihonium
25%
Nobelium
25%
Promethium
25%
Rutherfordium
25%
Seaborgium
25%
Sulfur
25%
Naturally unstable (Atomic Mass in () )Technetium
25%
First artificially produced elementTechnetium
25%
Darmstadtium
0%
Element ferromagnetic at low temperaturesDysprosium
0%
Magnesium
0%
Moscovium
0%
Roentgenium
0%

Score Distribution

Percentile by Number Answered

Percent of People with Each Score

Your Score History

You have not taken this quiz